Countries that BRITAIN did not invade. - Statistics

General Stats
  • This quiz has been taken 14 times
  • The average score is 7 of 22
Answer Stats
Hint Hint Hint Country % Correct
cg 416.9 260.5 Republic of the Congo
57%
se 414.3 60.5 Sweden
57%
ad 384.0 118.7 Andorra
50%
li 402.0 103.1 Liechtenstein
43%
uz 525 122.5 Uzbekistan
43%
bi 447.8 272.6 Burundi
36%
cf 427.6 239.0 Central African Republic
36%
td 422.6 209.4 Chad
36%
lu 394.3 94.2 Luxembourg
36%
mc 397.2 114.5 Monaco
36%
bo 236.0 319.0 Bolivia
29%
gt 177.4 210.0 Guatemala
29%
kg 548.0 122.0 Kyrgyzstan
29%
ml 377 202.2 Mali
29%
mh 760.6 232.2 Marshall Islands
29%
mn 614.2 104.1 Mongolia
29%
st 395.5 260.6 São Tomé and Príncipe
29%
tj 545.2 133.5 Tajikistan
29%
va 408.5 120.7 Vatican City
29%
ci 368.0 235.9 Ivory Coast
21%
py 248.9 339.7 Paraguay
14%
by 443.4 81.2 Belarus
7%
No matching quizzes found
Score Distribution
Percent of People with Each Score
Percentile by Number Answered
Your Score History
You have not taken this quiz